01497cam a2200385 i 450000100060000000300090000600500170001500800410003202000150007304000360008804100130012408000150013708000150015210000250016724502250019226000390041730000360045633600270049233700540051933800280057338000170060138800140061849000210063265000310065365000310068465800340071570000590074983000210080885600980082994200120092799900170093995200560095695200500101295200490106231786KOSZ 00520220927140944.0960606s1993 pl f |000 0 pol d a839051060X cKOSZ 005aKOSZ 005dKOSZ 005/HR1 apolheng a657.41/.45 a658.14/.171 aRice, AnthonyeAutor10aRachunkowość bez mitów czyli Jak ocenić finanse firmy /cAnthony Rice ; przekł. zesp. pracowników Katedry Rachunkowości Menedżerskiej Szkoły Głównej Handlowej pod kier. Gertrudy Krystyny Świderskiej. aWarszawa :bBusiness Press,c1993. a257 s. :brys., wykr. ;c20 cm. 2rdacontentaTekstbtxt 2rdamediaaBez urządzenia pośredniczącegobn 2rdacarrieraWoluminbnc aKsiążki. a1901-20001 aBusinessman Book 4aFinanse przedsiębiorstwa 4aRachunkowość finansowa aGospodarka, ekonomia, finanse1 aŚwiderska, Gertruda Krystynad(1942- )eTłumaczenie 0aBusinessman Book uhttp://koha.tu.koszalin.pl/cgi-bin/koha/opac-detail.pl?biblionumber=31786yKatalog online BPK cKS2UKD c31786d31786 00104071aBPKbBPKcco39288p01220452t657 RyKS 00104071aBPKbBPKcmho39289p01220445yKS 00104070aBPKbBPKcwo39290p02201627yKS